[Event "AUTO-MASTER-2302"]
[Site "http://www.queenalice.com/game.php?id=1361600"]
[Date "2015.5.25"]
[Round "1"]
[White "aormic"]
[Black "Paulsains"]
[Result "1-0"]
[WhiteElo "2222"]
[BlackElo "1948"]

1. d4 Nf6 2. c4 g6 3. Nc3 Bg7 4. e4 d6 5. Nf3 O-O 6. Be2 b6 7. O-O Bb7 8. d5
Nbd7 9. Qc2 Nc5 10. Rb1 e6 11. b4 Ncd7 12. Rd1 exd5 13. cxd5 Ne5 14. Nb5 c6 15.
dxc6 Bxc6 16. Nxe5 Bxe4 17. Nd3 Qe7 18. Qc7 Qxc7 19. Nxc7 Rac8 20. Nb5 d5 21.
Bb2 a6 22. Nd6 Bxd3 23. Bxd3 b5 24. Nxc8 1-0

[Event "AUTO-MASTER-2302"]
[Site "http://www.queenalice.com/game.php?id=1361609"]
[Date "2015.5.25"]
[Round "1"]
[White "phystutordotcom"]
[Black "aormic"]
[Result "0-1"]
[WhiteElo "1647"]
[BlackElo "2239"]

1. d4 Nf6 2. c4 e6 3. Nc3 c5 4. d5 exd5 5. cxd5 d6 6. e4 g6 7. Nf3 Bg7 8. Bd3
O-O 9. O-O Na6 10. Bxa6 bxa6 11. Bf4 Rb8 12. Qd2 Nh5 13. Bh6 Bxh6 14. Qxh6 Qf6
15. e5 dxe5 16. b3 Bf5 0-1

[Event "AUTO-MASTER-2302"]
[Site "http://www.queenalice.com/game.php?id=1361610"]
[Date "2015.5.25"]
[Round "1"]
[White "aormic"]
[Black "phystutordotcom"]
[Result "1-0"]
[WhiteElo "2240"]
[BlackElo "1645"]

1. d4 d6 2. e4 Nf6 3. Nc3 e5 4. Nf3 Nbd7 5. Bc4 Be7 6. O-O O-O 7. Qe2 exd4 8.
Nxd4 Ne5 9. Bb3 c5 10. Nf5 Bxf5 11. exf5 Qd7 12. f4 Nc6 13. g4 c4 14. Bxc4 d5
15. Bd3 Bb4 16. Bd2 Rfe8 17. Qg2 1-0

[Event "AUTO-MASTER-2109"]
[Site "http://www.queenalice.com/game.php?id=1364386"]
[Date "2015.6.8"]
[Round "3"]
[White "leeroy"]
[Black "aormic"]
[Result "0-1"]
[WhiteElo "2146"]
[BlackElo "2262"]

1. c4 Nf6 2. d4 e6 3. a3 d5 4. Bg5 Be7 5. Nc3 O-O 6. cxd5 exd5 7. Bf4 c6 8. h3
Bf5 9. g4 Bg6 10. Nf3 Ne4 11. Bg2 Nxc3 12. bxc3 Qa5 13. Qb3 Nd7 14. O-O Qb6 15.
Qa2 Rfe8 16. Bg3 Qd8 17. Ne5 Nxe5 18. Bxe5 Bd6 19. f4 h6 20. Qd2 Be4 21. Qe3
Bxg2 22. Kxg2 f6 23. Qd3 fxe5 24. fxe5 Bc7 25. Qg6 Qd7 26. Rf4 Re6 27. Qf5 Qe7
28. Raf1 Re8 29. Qh5 Bd8 30. Qf5 Bc7 31. Qd3 Bxe5 32. Rf7 Qxf7 33. Rxf7 Kxf7 34.
Qf5+ Bf6 35. Qh5+ Kg8 36. Kf1 Bg5 0-1

[Event "AUTO-MASTER-2109"]
[Site "http://www.queenalice.com/game.php?id=1364387"]
[Date "2015.6.8"]
[Round "3"]
[White "aormic"]
[Black "leeroy"]
[Result "1-0"]
[WhiteElo "2253"]
[BlackElo "2157"]

1. e4 g6 2. d4 Bg7 3. Nf3 d6 4. Nc3 c6 5. Be2 Qa5 6. O-O d5 7. exd5 cxd5 8. Bf4
Na6 9. a3 e6 10. b4 Qd8 11. Nb5 Ne7 12. Nd6+ Kf8 13. Ng5 f6 14. Ngf7 Qb6 15.
Nxh8 Bxh8 16. c4 Qd8 17. c5 Nb8 18. Bd3 Nf5 19. Bxf5 exf5 20. Re1 Bd7 21. Nxb7
Qc8 22. Nd6 Qd8 23. Qf3 Bc6 24. b5 1-0

[Event "AUTO-ELITE-1571"]
[Site "http://www.queenalice.com/game.php?id=1390650"]
[Date "2015.10.24"]
[Round "1"]
[White "AsterixTwin"]
[Black "aormic"]
[Result "1-0"]
[WhiteElo "2526"]
[BlackElo "2284"]

1. e4 c5 2. Nf3 Nc6 3. d4 cxd4 4. Nxd4 Nf6 5. Nc3 d6 6. Bg5 e6 7. Qd2 Be7 8.
O-O-O O-O 9. f4 Nxd4 10. Qxd4 Qa5 11. Bc4 Bd7 12. e5 dxe5 13. fxe5 Bc6 14. Bd2
Nd7 15. Nd5 Qd8 16. Nxe7+ Qxe7 17. Rhe1 Rfd8 18. Qg4 Nf8 19. Bf1 Qc5 20. Qb4
Qxb4 21. Bxb4 Rxd1+ 22. Kxd1 Rd8+ 23. Kc1 Ng6 24. g3 Rd7 25. c4 Ne7 26. Kc2 Nf5
27. Bc3 Nd4+ 28. Bxd4 Rxd4 29. Kc3 Rd7 30. b4 b6 31. c5 bxc5 32. bxc5 Rd5 33.
Bc4 Rd8 34. a4 Kf8 35. Kb4 Rd4 36. Rc1 Ke7 37. Ka5 Kd7 38. Bb5 f6 39. exf6 gxf6
40. Rf1 f5 41. Rf4 Re4 42. Rxe4 fxe4 43. Be2 Ke7 44. Ka6 Bxa4 45. Kxa7 Kd7 46.
Kb6 Bc6 47. g4 e3 48. g5 Ba4 49. h4 Bc6 50. h5 Be4 51. g6 hxg6 52. h6 g5 53. c6+
1-0

[Event "AUTO-ELITE-1571"]
[Site "http://www.queenalice.com/game.php?id=1390651"]
[Date "2015.10.24"]
[Round "1"]
[White "aormic"]
[Black "AsterixTwin"]
[Result "0-1"]
[WhiteElo "2279"]
[BlackElo "2529"]

1. d4 Nf6 2. Nf3 g6 3. b3 d5 4. Bb2 Bg7 5. Nbd2 O-O 6. e3 Nbd7 7. Bd3 b6 8. O-O
Bb7 9. Qe2 e6 10. Rfd1 c5 11. c4 Qc7 12. Rac1 Rfe8 13. Ne5 Nxe5 14. dxe5 Ne4 15.
Nf3 Rad8 16. Qc2 h6 17. h3 Ng5 18. Nxg5 hxg5 19. f4 gxf4 20. exf4 g5 21. Qf2 d4
22. Re1 f5 23. Rc2 Bh6 24. Bc1 gxf4 25. Bxf4 Bxf4 26. Qxf4 Qg7 27. Kh2 Kf7 28.
Rf2 Ke7 29. a3 Rh8 30. b4 Rdg8 31. h4 Qh7 32. g3 Qh6 33. Qxh6 Rxh6 34. Rf4 Kd7
35. Kh3 Rgh8 36. bxc5 bxc5 37. Rb1 Bc6 38. Be2 Rf8 39. Bf3 Rg6 40. Bxc6+ Kxc6
41. Rb3 Rfg8 42. Kg2 Rd8 43. Rd3 Rb8 44. Rd2 Rb3 45. Rf3 Rb1 46. Rf1 Rxf1 47.
Kxf1 Rxg3 48. Rh2 Rxa3 49. h5 Ra1+ 50. Kg2 Ra2+ 51. Kg3 Rxh2 52. Kxh2 d3 53. h6
d2 0-1

[Event "AUTO-ELITE-1571"]
[Site "http://www.queenalice.com/game.php?id=1390656"]
[Date "2015.10.24"]
[Round "1"]
[White "aormic"]
[Black "jacconsultoria"]
[Result "1/2-1/2"]
[WhiteElo "2273"]
[BlackElo "2371"]

1. d4 f5 2. g3 Nf6 3. Bg2 e6 4. c4 Be7 5. Nf3 O-O 6. O-O d5 7. Nc3 c6 8. b3 Nbd7
9. Qc2 b6 10. e3 Ne4 11. Bb2 Ba6 12. Rfd1 Rc8 13. Ne5 Nxe5 14. dxe5 Qc7 15. Bf1
Bc5 16. cxd5 Bxf1 17. Nxe4 fxe4 18. d6 Bd3 19. Qxd3 exd3 20. dxc7 Rxc7 21. Rxd3
Rcf7 22. f4 g5 23. Kg2 g4 1/2-1/2

[Event "AUTO-ELITE-1571"]
[Site "http://www.queenalice.com/game.php?id=1390657"]
[Date "2015.10.24"]
[Round "1"]
[White "jacconsultoria"]
[Black "aormic"]
[Result "1-0"]
[WhiteElo "2491"]
[BlackElo "2289"]

1. d4 d5 2. Nf3 Nf6 3. e3 c6 4. Bd3 Bg4 5. b3 e6 6. Bb2 Nbd7 7. Nbd2 Bd6 8. h3
Bh5 9. g4 Bg6 10. Qe2 Bxd3 11. cxd3 Qe7 12. e4 dxe4 13. dxe4 Ba3 14. Nc4 Bxb2
15. Nxb2 O-O 16. Nc4 c5 17. O-O cxd4 18. Nxd4 Nc5 19. f3 Rfd8 20. Rad1 Rac8 21.
Rd2 a6 22. Rfd1 Qc7 23. Qh2 Qxh2+ 24. Kxh2 Rc7 25. Nb5 Rxd2+ 26. Rxd2 Rc8 27.
Nbd6 Rc7 28. Ne5 Ncd7 29. Ndxf7 Nxe5 30. Nxe5 Kf8 31. g5 Ne8 32. Rd7 b5 33. Rxc7
Nxc7 34. b4 Ke7 35. h4 h5 36. gxh6 gxh6 37. Kg3 Kf6 38. Kf4 h5 39. Nd7+ Ke7 40.
Nc5 Kf6 41. Ke3 1-0

[Event "AUTO-MASTER-2302"]
[Site "http://www.queenalice.com/game.php?id=1404788"]
[Date "2016.1.17"]
[Round "2"]
[White "aormic"]
[Black "WeirdGoblin"]
[Result "1-0"]
[WhiteElo "2276"]
[BlackElo "2318"]

1. e4 e6 2. d4 d5 3. Nc3 Nf6 4. e5 Nfd7 5. Nce2 c5 6. c3 Nc6 7. f4 Qb6 8. Nf3 f6
9. a3 Be7 10. h4 O-O 11. Rh3 cxd4 12. cxd4 fxe5 13. fxe5 Qd8 14. Nf4 Nb6 15. Bd3
g6 16. Qc2 Rxf4 17. Bxf4 Bxh4+ 18. g3 1-0

[Event "AUTO-MASTER-2302"]
[Site "http://www.queenalice.com/game.php?id=1404789"]
[Date "2016.1.17"]
[Round "2"]
[White "WeirdGoblin"]
[Black "aormic"]
[Result "1/2-1/2"]
[WhiteElo "2301"]
[BlackElo "2283"]

1. d4 Nf6 2. Nf3 e6 3. c4 b6 4. a3 Bb7 5. Nc3 Be7 6. d5 O-O 7. e4 d6 8. Be2 e5
9. O-O a5 10. h3 Nbd7 11. Be3 Re8 12. b4 Bf8 13. Qd2 g6 14. Nh2 Bg7 15. Ng4 Nxg4
16. Bxg4 Nf6 17. c5 Nxg4 18. hxg4 bxc5 19. bxc5 dxc5 20. Bxc5 Qd7 21. f3 Ba6 22.
Rfd1 Rab8 23. Rab1 Bc4 24. Qc2 Bh6 25. Rxb8 Rxb8 26. Rb1 Qd8 27. Rb2 Rxb2 28.
Qxb2 Bf4 29. Nd1 h5 30. gxh5 Bh2+ 31. Kxh2 1/2-1/2

[Event "AUTO-MASTER-2485"]
[Site "http://www.queenalice.com/game.php?id=1430264"]
[Date "2016.7.4"]
[Round "1"]
[White "lobsomem"]
[Black "aormic"]
[Result "1/2-1/2"]
[WhiteElo "2217"]
[BlackElo "2281"]

1. e4 e6 2. b3 d5 3. Bb2 Nf6 4. e5 Nfd7 5. f4 c5 6. Nf3 Be7 7. d3 Nc6 8. Nbd2
Qc7 9. g3 b6 10. Bg2 Bb7 11. O-O O-O-O 12. a3 Rdg8 13. Qe2 h6 14. c4 d4 15. Ne4
g5 16. b4 gxf4 17. gxf4 Nd8 18. bxc5 bxc5 19. Kh1 f6 20. exf6 Nxf6 21. Ne5 Rh7
22. Rg1 Rhg7 23. Bf3 Nd7 24. Rxg7 Rxg7 25. Rg1 Rxg1+ 26. Kxg1 Nxe5 27. fxe5 Qxe5
28. Bc1 Qg7+ 29. Kh1 Nf7 30. Bf4 e5 31. Bg3 Kb8 1/2-1/2

[Event "AUTO-MASTER-2485"]
[Site "http://www.queenalice.com/game.php?id=1430265"]
[Date "2016.7.4"]
[Round "1"]
[White "aormic"]
[Black "lobsomem"]
[Result "1-0"]
[WhiteElo "2279"]
[BlackElo "2219"]

1. e4 d5 2. exd5 Qxd5 3. Nc3 Qa5 4. d4 c6 5. Nf3 Bg4 6. Bc4 e6 7. O-O Nf6 8. Re1
Be7 9. h3 Bh5 10. g4 Bg6 11. Bf4 Nbd7 12. Qe2 O-O 13. a3 Rfe8 14. b4 Qd8 15. Bg3
Nb6 16. Bd3 Bxd3 17. Qxd3 Bd6 18. Ne5 Nfd5 19. Ne4 Be7 20. c4 Nf6 21. Ng5 Nbd7
22. Nexf7 Qc8 23. Nd6 Bxd6 24. Bxd6 Nf8 25. Bxf8 Rxf8 26. Nxe6 Re8 27. Qf5 Qd7
28. Rad1 Re7 29. Re3 Rae8 30. Rde1 Rf7 31. Qd3 b6 32. Qe2 Qd6 33. Ng5 Rff8 34.
Rxe8 Rxe8 35. Qxe8+ 1-0

[Event "AUTO-MASTER-2485"]
[Site "http://www.queenalice.com/game.php?id=1430278"]
[Date "2016.7.4"]
[Round "1"]
[White "Sacapiece"]
[Black "aormic"]
[Result "1-0"]
[WhiteElo "2265"]
[BlackElo "2282"]

1. e4 e6 2. d4 d5 3. Nc3 Nf6 4. Bg5 Be7 5. e5 Nfd7 6. h4 Bxg5 7. hxg5 Qxg5 8.
Nh3 Qe7 9. Qg4 f5 10. exf6 Nxf6 11. Qg3 Nc6 12. O-O-O O-O 13. Ng5 h6 14. Nf3 a6
15. Bd3 Ne4 16. Nxe4 dxe4 17. Bxe4 Rf6 18. Ne5 1-0

[Event "AUTO-MASTER-2485"]
[Site "http://www.queenalice.com/game.php?id=1430279"]
[Date "2016.7.4"]
[Round "1"]
[White "aormic"]
[Black "Sacapiece"]
[Result "1-0"]
[WhiteElo "2269"]
[BlackElo "2279"]

1. e4 c5 2. Nf3 d6 3. d4 cxd4 4. Nxd4 Nf6 5. Nc3 g6 6. Be3 Bg7 7. f3 Nc6 8. Qd2
O-O 9. O-O-O d5 10. exd5 Nxd5 11. Nxc6 bxc6 12. Bd4 Nxc3 13. Qxc3 Bh6+ 14. Be3
Bxe3+ 15. Qxe3 Qb6 16. Qxe7 Be6 17. b3 Rad8 18. Bd3 Rd7 19. Qf6 Rfd8 20. h4 Qe3+
21. Kb1 Qc5 22. h5 Bf5 23. h6 Qf8 24. Qxc6 Bxd3 25. cxd3 Rxd3 26. Rxd3 Rxd3 27.
Qf6 Rd6 28. Qe5 f6 29. Qc3 Qd8 30. Kc2 Qd7 31. Rh4 Qf5+ 32. Re4 Qd5 33. Qc8+ Rd8
34. Re8+ 1-0

[Event "AUTO-MASTER-2485"]
[Site "http://www.queenalice.com/game.php?id=1430286"]
[Date "2016.7.4"]
[Round "1"]
[White "brasilianlion"]
[Black "aormic"]
[Result "0-1"]
[WhiteElo "2120"]
[BlackElo "2275"]

1. d4 e6 2. c4 Nf6 3. Nf3 c5 4. g3 Qb6 5. Nc3 cxd4 6. Nb5 Nc6 7. Nbxd4 Qb4+ 8.
Qd2 Nxd4 9. Nxd4 Ne4 10. a3 Qxc4 11. e3 Nxd2 12. Bxc4 Nxc4 0-1

[Event "AUTO-MASTER-2485"]
[Site "http://www.queenalice.com/game.php?id=1430287"]
[Date "2016.7.4"]
[Round "1"]
[White "aormic"]
[Black "brasilianlion"]
[Result "1-0"]
[WhiteElo "2289"]
[BlackElo "2087"]

1. e4 c5 2. Nf3 e6 3. d4 cxd4 4. Nxd4 a6 5. Nc3 Qc7 6. Bd3 b5 7. O-O Bb7 8. Be3
Nf6 9. f3 Bc5 10. Bf2 Nc6 11. Nxc6 Bxf2+ 12. Rxf2 dxc6 13. a4 b4 14. Na2 a5 15.
Qe2 Qb6 16. Rd1 O-O 17. Nc1 Rad8 18. Nb3 Nd7 19. e5 Qc7 20. f4 c5 21. Bb5 Nb8
22. Rff1 Rxd1 23. Rxd1 Rd8 24. Rxd8+ Qxd8 25. Nxc5 Qd4+ 26. Qf2 Qd1+ 27. Bf1 Bd5
28. b3 h6 29. h3 Nc6 30. Nd3 Bxb3 31. cxb3 Qxb3 32. Nb2 Ne7 33. Bc4 Qc3 34. Kh2
Nf5 35. Bd3 Nd4 36. Bb1 Nf5 37. Bxf5 exf5 38. Qe2 Qc6 39. Qd3 g6 40. Qc4 Qb6 41.
Nd3 g5 42. fxg5 hxg5 43. Qc8+ 1-0

[Event "AUTO-MASTER-2485"]
[Site "http://www.queenalice.com/game.php?id=1451117"]
[Date "2016.11.20"]
[Round "2"]
[White "Sepling"]
[Black "aormic"]
[Result "0-1"]
[WhiteElo "2141"]
[BlackElo "2316"]

1. e4 g6 2. d3 Bg7 3. c3 d5 4. exd5 Qxd5 5. h3 Nf6 6. Be2 c6 7. Bf3 Qd6 8. Be3
O-O 9. Ne2 Rd8 10. d4 e5 11. Nd2 Be6 12. dxe5 Qxe5 13. Bf4 Qc5 14. Qc1 Na6 15.
b4 Qe7 16. Qc2 Nd5 17. O-O Nxc3 18. Nxc3 Nxb4 19. Qb2 Nd3 20. Qc2 Nxf4 21. Rfe1
Nd3 22. Re3 Nb4 23. Qb2 Rd3 24. Rxd3 Nxd3 25. Qc2 Rd8 26. Rf1 Ne5 27. Ne2 Nxf3+
28. Nxf3 Bf5 29. Qb3 Qxe2 30. Qxb7 Rd1 0-1

[Event "AUTO-MASTER-2485"]
[Site "http://www.queenalice.com/game.php?id=1451118"]
[Date "2016.11.20"]
[Round "2"]
[White "aormic"]
[Black "Sepling"]
[Result "1-0"]
[WhiteElo "2310"]
[BlackElo "2120"]

1. e4 e5 2. Nf3 d6 3. d4 exd4 4. Nxd4 a6 5. Nc3 h6 6. Bc4 c6 7. O-O b5 8. Be2
Nf6 9. a3 Bb7 10. Re1 Be7 11. Nf5 Rg8 12. Bf4 d5 13. exd5 cxd5 14. Nxb5 axb5 15.
Bxb5+ Bc6 16. Nxe7 Qxe7 17. Rxe7+ Kxe7 18. Qe2+ Kd7 19. Qe5 Ne8 20. Qxd5+ 1-0

[Event "AUTO-MASTER-2485"]
[Site "http://www.queenalice.com/game.php?id=1451121"]
[Date "2016.11.20"]
[Round "2"]
[White "aormic"]
[Black "capaputi"]
[Result "1-0"]
[WhiteElo "2323"]
[BlackElo "2271"]

1. e4 e5 2. Nf3 Nc6 3. Bb5 a6 4. Ba4 Nf6 5. O-O b5 6. Bb3 Be7 7. Re1 O-O 8. d3
d6 9. c3 Bg4 10. h3 Be6 11. Bc2 Nd5 12. exd5 Bxd5 13. Bb3 Bxb3 14. Qxb3 Na5 15.
Qc2 c5 16. b4 cxb4 17. cxb4 Rc8 18. Qd1 Nc6 19. a3 Bf6 20. Ra2 d5 21. Nbd2 Re8
22. Nb3 a5 23. bxa5 Nxa5 24. Nxa5 Qxa5 25. Bd2 Qa6 26. Bb4 g6 27. Rc2 Kg7 28.
Rxc8 Qxc8 29. Qb3 e4 30. dxe4 dxe4 31. Nd2 Qc6 32. Qe3 Be5 33. Nxe4 f5 34. Qa7+
Bc7 35. Qc5 Qd7 36. Bc3+ Kh6 37. Qe3+ f4 38. Qc5 Bd8 39. Qd4 Qxd4 40. Bxd4 g5
41. f3 Re6 42. Rb1 Be7 43. Nc5 Rd6 44. Bf2 Rd2 45. Rxb5 Ra2 46. Ra5 Kg6 47. a4
h5 48. Ne4 g4 49. hxg4 hxg4 50. fxg4 Re2 51. Re5 Bd8 52. Re6+ 1-0

[Event "AUTO-MASTER-2485"]
[Site "http://www.queenalice.com/game.php?id=1451122"]
[Date "2016.11.20"]
[Round "2"]
[White "capaputi"]
[Black "aormic"]
[Result "0-1"]
[WhiteElo "2261"]
[BlackElo "2333"]

1. d4 Nf6 2. Nf3 d5 3. c4 e6 4. Nc3 Be7 5. Bf4 O-O 6. e3 b6 7. Rc1 Bb7 8. Bd3
dxc4 9. Bxc4 a6 10. a3 Nbd7 11. O-O b5 12. Bd3 c5 13. Bb1 Rc8 14. h3 cxd4 15.
exd4 Nb6 16. Ne5 Nc4 17. Nxc4 Rxc4 18. Be5 Qa8 19. f3 Nd7 20. Qd3 g6 21. Ba2 Rd8
22. Bg3 Rxd4 23. Qe2 Nf8 24. Rfd1 Rxd1+ 25. Rxd1 Rxd1+ 26. Qxd1 Qd8 27. Qe2 Bc5+
28. Bf2 Qb6 29. Bxc5 Qxc5+ 30. Kh1 Bc6 31. Kh2 Kg7 32. Bb1 Nd7 33. f4 Qd4 34.
Be4 Bxe4 35. Qxe4 Qxe4 36. Nxe4 f6 37. Kg3 Kf7 38. Kf3 Ke7 39. g4 f5 40. Nd2 Kd6
41. Ke3 Kd5 42. b4 fxg4 43. hxg4 h5 44. gxh5 gxh5 45. Nf3 Nb6 46. Kd3 Nc4 47.
Kc3 Nxa3 48. Kd3 Nc4 49. Nh4 Nd6 50. Nf3 Nf5 51. Ng5 h4 52. Nh3 e5 53. fxe5 Kxe5
54. Ke2 Nd4+ 55. Kd3 Nc6 56. Kc3 Kf5 0-1